| 000 | 00410nam a2200121Ia 4500 | ||
|---|---|---|---|
| 008 | 220216s9999 xx 000 0 und d | ||
| 100 | _aCosse Ted | ||
| 245 | 0 | _aStructural changes in the global carboxylated styrene-butadiene latex industry | |
| 260 | _b6th Annual International Latex Conference, Hilton Akron/Fairlawn, July 29-30, 2003 | ||
| 650 | _aLatex industry | ||
| 856 | _uCopy of article | ||
| 942 | _cJS | ||
| 999 |
_c69432 _d69432 |
||